000 00480pab a2200181 454500
008 180718b2013 xxu||||| |||| 00| 0 eng d
100 _aStegmaier, mary
245 _aStanding for parliament: Do black Asian and minority ethnic candidates pay extra?
260 _c2013
300 _ap.268-285.
362 _aApr
650 _aEthnic groups
700 _aSmets, Kaat
700 _aLewis-Beck, Michael S.
773 _aParliamentary Affairs
908 _aN
909 _a99045
999 _c99044
_d99044